| 000 | 01037nam a2200277Ia 4500 | ||
|---|---|---|---|
| 003 | OSt | ||
| 005 | 20220923220240.0 | ||
| 006 | a|||||r|||| 00| 0 | ||
| 007 | ta | ||
| 008 | 220922b |||||||| |||| 00| 0 hin d | ||
| 024 | _a185,432 | ||
| 037 | _cTextual | ||
| 040 |
_aARTS _cARTS _bhin |
||
| 041 |
_2hin _ahin |
||
| 082 | _aO152,1(/\25)x, L4 | ||
| 100 |
_aद्विवेदी, गणेशप्रसाद, संपा. _9156907 |
||
| 245 | 0 | _aहिन्दी संतकाव्य संग्रह | |
| 246 | _aHindī santakāvya sangraha | ||
| 250 | _aसंस्क0 2,3 | ||
| 260 |
_aइलाहाबाद _b हिंदुस्तानी एकेमी _c1974 |
||
| 300 |
_a344 पृ. _ccm. |
||
| 490 | _aहिन्दी के कवि और काव्य; 2 | ||
| 650 |
_aहिन्दी साहित्य _9156264 |
||
| 942 |
_hO152,1(/\25)x, L4 _cTEXL _2CC |
||
| 999 |
_c338678 _d338678 |
||